000 00371nam a22001217a 4500
082 _a330.95491 SBP
100 _aState Bank of Pakistan
245 _aBanking Statistics of Pakistan 2010
_cState Bank of Pakistan
260 _aKarachi
_bStatistics Data Warehouse Deptt
_c2010
300 _a451p
942 _2ddc
_cBK
999 _c587795
_d587795